Heterobinary adhesins based on the escherichia coli fimh fimbrial protein /
Wedi'i Gadw mewn:
| Prif Awdur: | |
|---|---|
| Awduron Eraill: | |
| Fformat: | Erthygl |
| Iaith: | English |
| Pynciau: | |
| Tagiau: |
Ychwanegu Tag
Dim Tagiau, Byddwch y cyntaf i dagio'r cofnod hwn!
|
| Thư viện lưu trữ: | Thư viện Trường Đại học Đà Lạt |
|---|
| LEADER | 00976nam a2200337 4500 | ||
|---|---|---|---|
| 001 | DLU090091436 | ||
| 005 | ##20091201 | ||
| 040 | # | # | |a DLU |b eng |
| 041 | # | # | |a eng |
| 044 | # | # | |a us |
| 100 | # | # | |a Schembri, Mark A. |
| 245 | # | # | |a Heterobinary adhesins based on the escherichia coli fimh fimbrial protein / |c Mark A. Schembri, Per Klemm. |
| 653 | # | # | |a Binding capacity |
| 653 | # | # | |a Escherichia coli |
| 653 | # | # | |a Fimbria |
| 653 | # | # | |a Gene expression |
| 653 | # | # | |a Hybrid genes |
| 653 | # | # | |a Mannose |
| 653 | # | # | |a Metal ion |
| 653 | # | # | |a Recombinant protein |
| 700 | # | # | |a Klemm, Per. |
| 773 | # | # | |t Applied and Environmental Microbiology |g Vol. 64, no. 5 (May 1998), p. 1628-1633 |
| 920 | # | # | |a Phòng Tạp chí -- Trung tâm Thông tin - Thư viện Trường Đại học Đà Lạt |
| 994 | # | # | |a DLU |
| 900 | # | # | |a True |
| 911 | # | # | |a Trương Bảo Trâm Anh |
| 925 | # | # | |a G |
| 926 | # | # | |a A |
| 927 | # | # | |a BB |
| 980 | # | # | |a Thư viện Trường Đại học Đà Lạt |